Designing and assessing courses and curricula : a practical guide /

Designing and Assessing Courses and Curricula reflects the most current knowledge and practice in course and curriculum design and connects this knowledge with the critical task of assessing learning outcomes at both course and curricular levels. This thoroughly revised and expanded third edition o...

Descrición completa

Detalles Bibliográficos
Autor Principal: Diamond, Robert M.
Formato: Libro
Idioma:English
Publicado: San Francisco : Jossey-Bass, c2008.
Edición:Third edition.
Series:Jossey-Bass higher and adult education series
Subjects:
Acceso en liña:Table of contents only
Classic Catalogue: View this record in Classic Catalogue
LEADER 04019nam a2200445 a 4500
001 44652
003 BD-DhAAL
005 20250831105107.0
008 250831t2008 caua b 001 0 eng
010 |a  2008014793 
015 |a GBA870752  |2 bnb 
016 7 |a 014626820  |2 Uk 
020 |a 9780470261347 
020 |a 047026134X 
035 |a 15245412 
035 |a (OCoLC)220420882 
040 |a DLC  |c DLC  |d BAKER  |d YDXCP  |d UKM  |d BTCTA  |d C#P  |d BWX  |d CDX  |d EYE  |d EDK  |d HEBIS  |d DLC  |d BD-DhAAL 
043 |a n-us--- 
050 0 0 |a LB2361.5  |b .D5 2008 
082 0 0 |a 378.190973  |2 22 
100 1 |a Diamond, Robert M.  |9 59201 
245 1 0 |a Designing and assessing courses and curricula :  |b a practical guide /  |c Robert M. Diamond. 
250 |a Third edition. 
260 |a San Francisco :  |b Jossey-Bass,  |c c2008. 
300 |a xxiv, 487 pages :  |b illustrations ;  |c 28 cm. 
490 0 |a Jossey-Bass higher and adult education series 
504 |a Includes bibliographical references (p. 461-466) and index. 
505 0 |a Preface -- Acknowledgments -- About the author --Part 1: Frame Of Reference -- 1: Learning-centered approach to course and curriculum design -- 2: Expanding role of faculty in accreditation and accountability -- 3: Staying informed -- 4: Scholarship and faculty rewards -- 5: Introduction to the model and its benefits -- 6: Diagramming -- Part 2: Process -- 7: Making the decision to go ahead -- 8: Getting started -- 9: Linking goals, courses, and curricula -- 10: Gathering and analyzing essential data -- 11: Thinking in the ideal -- 12: Adjusting from the ideal to the possible -- 13: Clarifying instructional goals and learning outcomes -- 14: Designing and implementing your assessment plan: Overview and assessing a curriculum -- 15: Designing and implementing your assessment plan: Assessing a course -- Part 3: Designing, Implementing, And Assessing The Learning Experience -- 16: Designing the learning experience: Research on teaching and learning -- 17: Designing the learning experience: Your instructional options -- 18: Using technology to support learning / Wallace Hannum -- 19: Distance learning / Wallace Hannum -- 20: Meeting the needs of adult learners / G Roger Sell -- 21: Addressing diversity / G Roger Sell -- 22: Developing a learning-centered syllabus -- Part 4: Your Next Steps -- 23: Using your data: curriculum and course revision -- 24: Learning from experience -- Resources -- Case studies -- References -- Index. 
520 |a Designing and Assessing Courses and Curricula reflects the most current knowledge and practice in course and curriculum design and connects this knowledge with the critical task of assessing learning outcomes at both course and curricular levels. This thoroughly revised and expanded third edition of the best-selling book positions course design as a tool for educational change and contains a wealth of new material including new chapters, case examples, and resources. 
526 |a LTIC  |x Professor Md. Golam Samdani Fakir, PhD Director Learning and Teaching Innovation Center (LTIC) BRAC University 
541 |a Karim International  |e 44652 
650 0 |a Universities and colleges  |x Curricula  |z United States.  |9 4211 
650 0 |a Curriculum planning  |z United States. 
650 0 |a Curriculum evaluation  |z United States. 
650 0 |a Education. 
830 |a Jossey-Bass higher and adult education series 
856 4 1 |3 Table of contents only  |u http://www.loc.gov/catdir/enhancements/fy0829/2008014793-t.html 
942 |2 ddc  |c BK 
999 |c 47418  |d 47418 
952 |0 0  |1 0  |2 ddc  |4 0  |6 378_190973000000000_DIA  |7 0  |9 78051  |a BRACUL  |b BRACUL  |c GEN  |d 2025-08-26  |e Karim International  |g 5000.00  |l 0  |o 378.190973 DIA  |p 3010044652  |r 2025-08-26  |t 1  |v 1000.00  |w 2025-08-26  |y BK  |x Requisitioned by Professor Md. Golam Samdani Fakir, PhD (Director, Learning and Teaching Innovation Center (LTIC), BRAC University) for the course named - "Enriching LTIC for curriculum development, assessment, ethics, faculty leadership, and global education, etc."